00593nam a2200133Ia 4500008004100000020001800041082002300059245009100082260005300173300001900226440006800245650011600313700003000429120622s9999 xx 000 0 und d a968-810-098-6 a327.72 A673hd v.21 aMéxico y España durante la revolución mexicana / comp. e intr. de Carlos Illades aMéxico : Secretaría de Relaciones Exteriores a243 p. + Fots. aArchivo Histórico Diplomático Mexicano. Cuarta época ; 21 a1. MEXICO - RELACIONES EXTERIORES - ESPAÑA - FUENTES \ 2. MEXICO - HISTORIA - REVOLUCION, 1910-1917 - FUENTES aIllades, Carlos, comp.Ì